Οι 10 Μεγαλύτερες Πόλεις που ΔΕΝ είναι Πρωτεύουσες - Statistics

General Stats
  • This quiz has been taken 10 times
  • The average score is 4 of 10
Answer Stats
Πληθυσμός Πόλη % Correct
41,6 εκ Σαγκάη
89%
21,8 εκ Νέα Υόρκη
89%
22,6 εκ Σάο Πάολο
56%
17,7 εκ Οσάκα
44%
17,1 εκ Λος Άντζελες
33%
27,6 εκ Μουμπάι
22%
72,7 εκ Γκουάνγκτζου / Σενζέν
11%
21,3 εκ Λάγος
11%
21,0 εκ Καράτσι
11%
18,1 εκ Τσενγκντού
11%
No matching quizzes found
Score Distribution
Percent of People with Each Score
Percentile by Number Answered
Your Score History
You have not taken this quiz